| 000 | 00642nam a22001937a 4500 | ||
|---|---|---|---|
| 005 | 20130516144025.0 | ||
| 010 | _aENG-107026 | ||
| 020 |
_a9788184050745 _c495.00 |
||
| 035 | _aEN-90559 | ||
| 037 | _bDBAD/PUB | ||
| 082 | _a658.30080954 | ||
| 245 |
_aDiversity and inclusion : _cedited by Deepak Dogra _breflections on benchmarking practices in Indian organisation / |
||
| 260 |
_aNew Delhi _bReference Press _c2012 |
||
| 270 |
_a4831/24, Ansari Road, Daryaganj _bNew Delhi _e110002 |
||
| 300 |
_axiv,164p.: _bill. _c22cm(Hb) |
||
| 500 | _aIncludes index | ||
| 700 | _aDogra, Deepak | ||
| 942 |
_2ddc _cEN _h658.30080954 _mDOG |
||
| 999 |
_c75351 _d75351 |
||